=LDR 00000nam 2200000 4500 =001 INLIS000000000019503 =005 20130612114545 =008 ***********************************Ind** =035 ##$$0010-061300000019503 =041 ##$$a Ind =082 ##$$a 373.238 076 =090 ##$$a 373.238 076, Pan p =245 ##$$a Panduan seleksi penerimaan mahasiswa baru (SPMB) IPC 2006, Drs. Tatang Rahmat...[et.al] =260 ##$$a 2005 $b Bandung =300 ##$$a 304 hlm, 29 cm =650 ##$$a Evaluasi-Soal-soal =850 ##$$a NBPNMAT